[Event "Mezinarodni turnaj - CALLIDITAS OPEN"]
[Site "Plzen"]
[Date "2020.08.27"]
[Round "6.5"]
[White "Bullen, Alex"]
[Black "Chval, Zdenek"]
[Result "1-0"]
[WhiteElo "2116"]
[BlackElo "1676"]
[PlyCount "105"]
[EventDate "2020.08.23"]

1. d4 Nf6 2. Nf3 g6 3. Nbd2 d5 4. b4 Bg7 5. e3 O-O 6. Bb2 a5 7. b5 c6 8. c4
dxc4 9. Bxc4 cxb5 10. Bxb5 Bd7 11. Be2 b5 12. O-O Qb6 13. a3 Nc6 14. Qb3 Rab8
15. Rfc1 Be6 16. Qd3 b4 17. Nc4 Bxc4 18. Rxc4 bxa3 19. Bxa3 Nb4 20. Qd1 Rfc8
21. Ne5 e6 22. Rac1 Rxc4 23. Nxc4 Qa7 24. Qa4 Bf8 25. Qxa5 Qxa5 26. Nxa5 Na2
27. Ra1 Bxa3 28. Rxa2 Rb1+ 29. Bf1 Bb4 30. Nc6 Be1 31. Ne5 Ne4 32. g3 Rd1 33.
Kg2 Rd2 34. Rxd2 Bxd2 35. Bb5 Nd6 36. Bd3 Kg7 37. Nf3 Ba5 38. Kf1 Kf6 39. Ke2
Ke7 40. Nd2 Kd7 41. Nb3 Bb4 42. e4 Kc6 43. e5 Nc8 44. Be4+ Kb5 45. Kd3 Nb6 46.
Nc1 Na4 47. Ne2 Ba3 48. Kc2 Kc4 49. Bc6 Nb6 50. Be8 Nd5 51. Bxf7 Nb4+ 52. Kd2
Kd5 53. Nc3+ 1-0

[Event "Mezinarodni turnaj - CALLIDITAS OPEN"]
[Site "Plzen"]
[Date "2020.08.27"]
[Round "6.6"]
[White "Novotny, Ondrej"]
[Black "Kubat, Miroslav"]
[Result "0-1"]
[WhiteElo "2031"]
[BlackElo "2019"]
[PlyCount "74"]
[EventDate "2020.08.23"]

1. e4 c5 2. b4 cxb4 3. a3 e5 4. Nf3 Nc6 5. Bc4 d6 6. axb4 Nxb4 7. c3 Nc6 8. O-O
Be7 9. Qb3 Nh6 10. d4 O-O 11. Bxh6 gxh6 12. Bd5 Qc7 13. Nbd2 Bf6 14. dxe5 Nxe5
15. Nd4 Bd7 16. f4 Nc6 17. N2f3 a6 18. Rae1 Rab8 19. e5 dxe5 20. fxe5 Nxe5 21.
Nxe5 Bxe5 22. Bxf7+ Kh8 23. Qd5 Bxh2+ 24. Kh1 Qd6 25. Qh5 Bg3 26. Re3 Bf4 27.
Re4 Bg5 28. Qe2 Rbc8 29. Re5 Rc5 30. Re4 Kg7 31. Bh5 Rxf1+ 32. Qxf1 Qf6 33. Qd3
Re5 34. Rxe5 Qxe5 35. Nf3 Qf5 36. Qd4+ Bf6 37. Qd6 Qxh5+ 0-1

[Event "Mezinarodni turnaj - CALLIDITAS OPEN"]
[Site "Plzen"]
[Date "2020.08.27"]
[Round "6.7"]
[White "Tscharotschkin, Michael"]
[Black "Bechynsky, Jan"]
[Result "1/2-1/2"]
[WhiteElo "2174"]
[BlackElo "1955"]
[PlyCount "97"]
[EventDate "2020.08.23"]

1. e4 Nf6 2. e5 Nd5 3. c4 Nb6 4. c5 Nd5 5. Bc4 e6 6. d4 d6 7. cxd6 cxd6 8. Nf3
Nc6 9. O-O Be7 10. Bd2 O-O 11. Nc3 Nb6 12. Bb3 d5 13. Rc1 Na5 14. Bc2 Nac4 15.
Bb1 Nxd2 16. Qxd2 Bd7 17. Qd3 g6 18. g3 Rc8 19. h4 Nc4 20. Kg2 Nxb2 21. Qd2 Nc4
22. Qh6 f5 23. exf6 Bxf6 24. Bxg6 hxg6 25. Qxg6+ Bg7 26. Ng5 Rf6 27. Qh7+ Kf8
28. Ne2 e5 29. Qh5 Bf5 30. dxe5 Nxe5 31. Nf4 Rxc1 32. Rxc1 Rh6 33. Qd1 d4 34.
Qb3 Qd7 35. Rc5 Rb6 36. Qa3 Qd6 37. Qa5 Ra6 38. Qb5 Bd7 39. Qb4 Rb6 40. Qa5
Bc6+ 41. Kh3 Rb1 42. Rxc6 bxc6 43. Nfe6+ Kg8 44. Qxa7 Nd7 45. Qa5 Nf8 46. Qf5
Nxe6 47. Qf7+ Kh8 48. Qh5+ Kg8 49. Qf7+ 1/2-1/2

[Event "Mezinarodni turnaj - CALLIDITAS OPEN"]
[Site "Plzen"]
[Date "2020.08.27"]
[Round "6.8"]
[White "Ondrejat, Miroslav"]
[Black "Pacl, Vaclav"]
[Result "1/2-1/2"]
[WhiteElo "1950"]
[BlackElo "2021"]
[PlyCount "61"]
[EventDate "2020.08.23"]

1. c4 c5 2. g3 g6 3. Bg2 Bg7 4. Nf3 Nc6 5. O-O d6 6. Nc3 e6 7. e3 Nge7 8. d4
cxd4 9. exd4 d5 10. cxd5 exd5 11. Re1 O-O 12. Ne5 Be6 13. Bg5 Qb6 14. Bxe7 Nxe7
15. Qb3 Rfd8 16. Qxb6 axb6 17. Nb5 Rac8 18. Rac1 Nf5 19. f4 Bf8 20. a3 Be7 21.
Kf2 Kg7 22. Ke2 f6 23. Nf3 Nd6 24. Nxd6 Bxd6 25. Rxc8 Rxc8 26. Kd2 Kf7 27. Rc1
Rxc1 28. Kxc1 Ke7 29. Nd2 h5 30. Nf1 Bc7 31. Ne3 1/2-1/2

[Event "Mezinarodni turnaj - CALLIDITAS OPEN"]
[Site "Plzen"]
[Date "2020.08.27"]
[Round "6.9"]
[White "Jares, Michal"]
[Black "Folkova, Martina"]
[Result "1/2-1/2"]
[WhiteElo "1906"]
[BlackElo "2001"]
[PlyCount "69"]
[EventDate "2020.08.23"]

1. Nf3 d5 2. d4 Nf6 3. g3 g6 4. Bg2 Bg7 5. O-O O-O 6. c4 dxc4 7. Nc3 Nbd7 8. e4
Nb6 9. a4 a5 10. Qe2 c6 11. h3 h6 12. Be3 Be6 13. Rfd1 Rc8 14. Kh2 Nfd7 15. Qd2
Kh7 16. Ne2 f5 17. Nh4 c3 18. bxc3 Nc4 19. Qc1 Nd6 20. Nxg6 Rf6 21. Nxe7 Qxe7
22. e5 Rf7 23. exd6 Qxd6 24. Qa3 Qxa3 25. Rxa3 Nb6 26. Nf4 Bc4 27. Bf1 Re7 28.
Bxc4 Nxc4 29. Rb3 Rd8 30. Rdb1 Rdd7 31. Nh5 Bh8 32. Bf4 Kg6 33. g4 fxg4 34.
hxg4 b6 35. Kg3 1/2-1/2

[Event "Mezinarodni turnaj - CALLIDITAS OPEN"]
[Site "Plzen"]
[Date "2020.08.27"]
[Round "6.10"]
[White "Nandi, Robin J"]
[Black "Hoke, Petr"]
[Result "0-1"]
[WhiteElo "1902"]
[BlackElo "1980"]
[PlyCount "66"]
[EventDate "2020.08.23"]

1. e4 d6 2. d4 g6 3. Nc3 Bg7 4. Be3 a6 5. Qd2 Nd7 6. h4 h6 7. O-O-O b5 8. f4
Ngf6 9. e5 Ng4 10. Nf3 Nb6 11. b3 dxe5 12. fxe5 Bb7 13. e6 f5 14. h5 Bxf3 15.
gxf3 Nxe3 16. Qxe3 g5 17. f4 Qd6 18. Bg2 O-O-O 19. fxg5 hxg5 20. Qf3 c6 21.
Qxc6+ Qxc6 22. Bxc6 Bxd4 23. Nd5 Nxd5 24. Rxd4 Nf4 25. Rd7 Rxd7 26. Bxd7+ Kc7
27. h6 Kd6 28. h7 g4 29. Rf1 g3 30. Rxf4 g2 31. Rd4+ Kc5 32. Rd1 Rxh7 33. b4+
Kb6 0-1

[Event "Mezinarodni turnaj - CALLIDITAS OPEN"]
[Site "Plzen"]
[Date "2020.08.27"]
[Round "6.11"]
[White "Schubert, Gerhard"]
[Black "Toman, Jan"]
[Result "1/2-1/2"]
[WhiteElo "1976"]
[BlackElo "1724"]
[PlyCount "72"]
[EventDate "2020.08.23"]

1. Nf3 Nf6 2. b3 c5 3. Bb2 Nc6 4. e3 d5 5. d4 Bg4 6. Be2 e6 7. Nbd2 cxd4 8.
Nxd4 Bxe2 9. Qxe2 Nxd4 10. Bxd4 Be7 11. Qb5+ Qd7 12. Qxd7+ Nxd7 13. O-O O-O 14.
c4 Bf6 15. cxd5 Bxd4 16. exd4 exd5 17. Rfe1 Rfe8 18. Kf1 Kf8 19. Rxe8+ Rxe8 20.
Rc1 Nf6 21. f3 Re7 22. Kf2 Ke8 23. Nf1 Kd8 24. Ne3 g6 25. g4 Rd7 26. g5 Nh5 27.
Ng4 Nf4 28. Ke3 Ng2+ 29. Kf2 Nf4 30. Ke3 Ng2+ 31. Kd2 Nh4 32. Rc3 Nf5 33. Kd3
Nh4 34. Ne5 Rc7 35. Rxc7 Kxc7 36. Ke3 Nf5+ 1/2-1/2

[Event "Mezinarodni turnaj - CALLIDITAS OPEN"]
[Site "Plzen"]
[Date "2020.08.27"]
[Round "6.12"]
[White "Hodan, Jiri"]
[Black "Nosek, Jan"]
[Result "0-1"]
[WhiteElo "1871"]
[BlackElo "1968"]
[PlyCount "100"]
[EventDate "2020.08.23"]

1. e4 c5 2. Nf3 d6 3. c3 Nf6 4. d3 g6 5. Be2 Bg7 6. O-O O-O 7. Nbd2 e5 8. d4
exd4 9. cxd4 Nc6 10. dxc5 dxc5 11. Bb5 Nd4 12. Nxd4 Qxd4 13. Qa4 Qxa4 14. Bxa4
Rd8 15. f3 Nd7 16. Nc4 Nb6 17. Bb3 Nxc4 18. Bxc4 Rd4 19. Bd5 Be6 20. Bxe6 fxe6
21. Be3 Rc4 22. Rac1 Rxc1 23. Rxc1 b6 24. b3 Rd8 25. Kf1 Kf7 26. Ke2 Bd4 27. b4
Bxe3 28. Kxe3 Rc8 29. bxc5 bxc5 30. Kd3 Rd8+ 31. Kc3 Rd4 32. Rb1 Ra4 33. Rb7+
Kf6 34. Kb3 Ra6 35. Rxh7 Rb6+ 36. Kc3 Ra6 37. Kb2 Ke5 38. Rd7 Rb6+ 39. Kc3 Ra6
40. Rd2 Ra4 41. Kd3 g5 42. Rc2 c4+ 43. Ke2 Kd4 44. h3 c3 45. g3 Rb4 46. h4 gxh4
47. gxh4 Rb2 48. Kd1 Kd3 49. Rxc3+ Kxc3 50. f4 Kd3 0-1

[Event "Mezinarodni turnaj - CALLIDITAS OPEN"]
[Site "Plzen"]
[Date "2020.08.27"]
[Round "6.13"]
[White "Vantuch, Lucian"]
[Black "Mlcak, Viktor"]
[Result "1-0"]
[WhiteElo "1966"]
[BlackElo "1803"]
[PlyCount "55"]
[EventDate "2020.08.23"]

1. e4 Nf6 2. e5 Nd5 3. d4 d6 4. c4 Nb6 5. exd6 cxd6 6. Bd3 g6 7. Ne2 Bg7 8. O-O
O-O 9. d5 N8d7 10. Nbc3 Ne5 11. b3 Nxd3 12. Qxd3 Bf5 13. Qg3 a6 14. Be3 h5 15.
Nd4 Be5 16. f4 Bg7 17. Nxf5 Bxc3 18. Rac1 Bf6 19. Nd4 Nd7 20. f5 Be5 21. Qh4
Bf6 22. Qh3 Bxd4 23. Bxd4 Nf6 24. fxg6 fxg6 25. Qe6+ Kg7 26. c5 Rf7 27. cxd6
exd6 28. Rxf6 1-0

[Event "Mezinarodni turnaj - CALLIDITAS OPEN"]
[Site "Plzen"]
[Date "2020.08.27"]
[Round "6.14"]
[White "Svanda, Radek"]
[Black "Hrdlica, Pavel"]
[Result "0-1"]
[WhiteElo "1764"]
[BlackElo "1952"]
[PlyCount "120"]
[EventDate "2020.08.23"]

1. e4 e6 2. d4 d5 3. Nc3 Nf6 4. Bg5 Be7 5. e5 Nfd7 6. Bxe7 Qxe7 7. f4 a6 8. Nf3
c5 9. dxc5 Nxc5 10. Qd2 Nc6 11. O-O-O Bd7 12. Kb1 b5 13. Bd3 b4 14. Ne2 a5 15.
Ned4 Nxd4 16. Nxd4 Nxd3 17. cxd3 Qc5 18. Nb3 Qb6 19. Rc1 O-O 20. Nc5 Bb5 21. d4
Rab8 22. g4 Rbe8 23. f5 f6 24. Nxe6 Rxe6 25. fxe6 Qxe6 26. h3 fxe5 27. dxe5
Qxe5 28. Rhe1 Qd6 29. Qg5 Bd3+ 30. Ka1 Be4 31. Rf1 Re8 32. Qf4 Qxf4 33. Rxf4 g5
34. Rf2 a4 35. Rf6 b3 36. Ra6 bxa2 37. Kxa2 Bd3 38. Rxa4 Bc4+ 39. b3 Re2+ 40.
Ka3 Re3 41. Ra8+ Kf7 42. Kb4 Rxb3+ 43. Kc5 Rxh3 44. Rca1 Re3 45. Rh1 Bd3 46.
Kd4 Rg3 47. Ra7+ Ke6 48. Rh6+ Bg6 49. Raxh7 Rxg4+ 50. Kc5 Rc4+ 51. Kb5 Kf5 52.
Re7 Rh4 53. Rxh4 gxh4 54. Kc5 Kf6 55. Re3 Be4 56. Kd4 Kf5 57. Ra3 Kf4 58. Ra8
h3 59. Rh8 Kg3 60. Ke3 h2 0-1

[Event "Mezinarodni turnaj - CALLIDITAS OPEN"]
[Site "Plzen"]
[Date "2020.08.27"]
[Round "6.15"]
[White "Janecek, Pavel"]
[Black "Soutner, Jaroslav"]
[Result "1-0"]
[WhiteElo "1900"]
[BlackElo "1726"]
[PlyCount "69"]
[EventDate "2020.08.23"]

1. e4 e5 2. Nf3 Nc6 3. Bc4 Nf6 4. d3 Be7 5. c3 O-O 6. Bb3 d5 7. Qe2 dxe4 8.
dxe4 Bg4 9. h3 Bh5 10. Nbd2 Re8 11. Nf1 h6 12. g4 Bg6 13. Ng3 Nh7 14. h4 Nf8
15. h5 Bh7 16. Nf5 Bf6 17. Bd2 Ne6 18. O-O-O Qc8 19. Rdg1 Qd8 20. Rd1 Qc8 21.
Rhg1 a6 22. g5 Nxg5 23. Bxg5 hxg5 24. Nxg5 Bxg5+ 25. Rxg5 Bxf5 26. Rxf5 Re7 27.
Qg4 Na5 28. Bc2 Qe6 29. Kb1 Rf8 30. Rg1 Qh6 31. Rg5 f6 32. Rg6 Qh7 33. h6 Rff7
34. Rxg7+ Rxg7 35. Qc8+ 1-0

[Event "Mezinarodni turnaj - CALLIDITAS OPEN"]
[Site "Plzen"]
[Date "2020.08.27"]
[Round "6.16"]
[White "Teply Koutsky, David"]
[Black "Svanda, Adam"]
[Result "1/2-1/2"]
[WhiteElo "1512"]
[BlackElo "1852"]
[PlyCount "117"]
[EventDate "2020.08.23"]

1. d4 Nf6 2. c4 g6 3. Nc3 d5 4. cxd5 Nxd5 5. Bd2 Bg7 6. e4 Nb6 7. Be3 O-O 8. h3
Nc6 9. Nf3 e5 10. d5 Ne7 11. Bc5 Re8 12. Bb5 Bd7 13. Bxd7 Qxd7 14. O-O h6 15.
Qb3 Kh7 16. Rfd1 Nec8 17. Qb5 a6 18. Qb3 Qd8 19. d6 Nxd6 20. Bxd6 cxd6 21. Qxf7
Re7 22. Qb3 Rc8 23. Nd5 Nxd5 24. Rxd5 Rc6 25. Rad1 Qc7 26. Qd3 Re6 27. Rd2 Bf8
28. Ne1 Rc1 29. Rd1 Rf6 30. Nf3 Rf7 31. Qb3 Kg7 32. Rxc1 Qxc1+ 33. Rd1 Qf4 34.
Qd5 g5 35. Rf1 h5 36. Nd2 Rc7 37. Qd3 Qf7 38. b3 b5 39. a3 d5 40. exd5 Rd7 41.
Qe3 Qf4 42. Qxf4 exf4 43. a4 Rxd5 44. Ne4 Kg6 45. axb5 axb5 46. f3 Rd3 47. Rb1
Kf5 48. b4 Rd4 49. Nc3 Bxb4 50. Nxb5 Rc4 51. Rd1 Ke5 52. Kh1 Bc5 53. Nc7 Bd4
54. Re1+ Be3 55. Nb5 Kd5 56. Rd1+ Bd4 57. Nxd4 Rxd4 58. Rxd4+ Kxd4 59. Kg1
1/2-1/2

[Event "Mezinarodni turnaj - CALLIDITAS OPEN"]
[Site "Plzen"]
[Date "2020.08.27"]
[Round "6.17"]
[White "Chudek, Lubomir"]
[Black "Hoerhold, Karola"]
[Result "1/2-1/2"]
[WhiteElo "1785"]
[BlackElo "1725"]
[PlyCount "94"]
[EventDate "2020.08.23"]

1. e4 d6 2. d4 Nf6 3. Nc3 Nbd7 4. Bc4 e5 5. Nf3 Be7 6. O-O c6 7. a3 Qc7 8. dxe5
dxe5 9. Qe2 h6 10. Ne1 g5 11. Nd3 Nf8 12. Be3 Ng6 13. g3 Bh3 14. Rfd1 Nf4 15.
gxf4 gxf4 16. Ne1 Rg8+ 17. Kh1 fxe3 18. Qxe3 Bd7 19. f3 b6 20. b4 O-O-O 21. Ne2
Rg7 22. Nd3 Ne8 23. Rg1 Bg5 24. Qf2 Kb8 25. h4 Rh7 26. Rg2 Bf6 27. Rag1 Nd6 28.
Bb3 Nb5 29. a4 Nd4 30. Nxd4 exd4 31. f4 c5 32. bxc5 bxc5 33. Bd5 Qb6 34. Rg8
Bxa4 35. e5 Be7 36. Be4 Bc6 37. Qf3 Bxe4 38. Qxe4 Rh8 39. Rxh8 Rxh8 40. f5 c4
41. e6 Qb7 42. Qxb7+ Kxb7 43. Ne5 Bf6 44. Nxf7 Rh7 45. Nd6+ Kc6 46. Nxc4 Kd5
47. Nd2 Bxh4 1/2-1/2

[Event "Mezinarodni turnaj - CALLIDITAS OPEN"]
[Site "Plzen"]
[Date "2020.08.27"]
[Round "6.18"]
[White "Cizek, Jan"]
[Black "Lorenc, David"]
[Result "1-0"]
[WhiteElo "1645"]
[BlackElo "1772"]
[PlyCount "75"]
[EventDate "2020.08.23"]

1. e4 c5 2. Nf3 d6 3. d4 cxd4 4. Nxd4 Nf6 5. Nc3 Nc6 6. Bc4 a6 7. a4 Qc7 8. Ba2
e6 9. O-O b6 10. Bg5 Be7 11. Qd2 Nxd4 12. Qxd4 Bb7 13. Rad1 Rd8 14. Rfe1 e5 15.
Qd2 O-O 16. Bxf6 Bxf6 17. Bd5 Bc8 18. Qd3 Be7 19. Bc4 a5 20. Nd5 Qa7 21. Qb3
Bg4 22. Rd3 Rb8 23. Ne3 Bh5 24. f3 Bg6 25. Red1 Rfd8 26. Kf1 Bf8 27. Rd5 Rdc8
28. Bb5 f5 29. Bc4 Bf7 30. Rb5 f4 31. Bxf7+ Qxf7 32. Nd5 Kh8 33. c3 Qa7 34.
Rxb6 Rxb6 35. Qxb6 Qa8 36. Nc7 Rxc7 37. Qxc7 Qa6+ 38. c4 1-0

[Event "Mezinarodni turnaj - CALLIDITAS OPEN"]
[Site "Plzen"]
[Date "2020.08.27"]
[Round "6.19"]
[White "Navratil, Ladislav"]
[Black "Cipl, Jan"]
[Result "1/2-1/2"]
[WhiteElo "1746"]
[BlackElo "1634"]
[PlyCount "84"]
[EventDate "2020.08.23"]

1. c4 c5 2. g3 g6 3. Bg2 Bg7 4. Nc3 Nc6 5. Nf3 Nf6 6. O-O O-O 7. Ne1 d6 8. e4
Be6 9. Nd5 Qc8 10. Nc2 Bh3 11. d3 Bxg2 12. Kxg2 e6 13. Nc3 Qd7 14. Rb1 d5 15.
exd5 exd5 16. Qf3 dxc4 17. dxc4 Ne5 18. Qe2 Rfe8 19. Ne3 Neg4 20. h3 Nxe3+ 21.
Bxe3 Bh6 22. Qf3 Bxe3 23. fxe3 Re6 24. Rbd1 Qe7 25. Rd3 Re8 26. Re1 Kg7 27. b3
b6 28. Nd5 Nxd5 29. cxd5 Rd6 30. e4 Red8 31. e5 R6d7 32. Rdd1 f6 33. e6 Rd6 34.
Qe4 f5 35. Qe5+ Qf6 36. e7 Qxe5 37. Rxe5 Re8 38. h4 Kf7 39. Kf3 Rxe7 40. Kf4
Rxe5 41. Kxe5 Ke7 42. h5 g5 1/2-1/2

[Event "Mezinarodni turnaj - CALLIDITAS OPEN"]
[Site "Plzen"]
[Date "2020.08.27"]
[Round "6.21"]
[White "Langmajer, Jan"]
[Black "Kalista, Karel"]
[Result "1-0"]
[WhiteElo "1716"]
[BlackElo "1656"]
[PlyCount "61"]
[EventDate "2020.08.23"]

1. e4 e5 2. d4 exd4 3. Nf3 d5 4. Qxd4 Nf6 5. e5 Ne4 6. Be3 Bc5 7. Qd3 O-O 8.
Nc3 Bxe3 9. Qxe3 Nxc3 10. Qxc3 Qe7 11. O-O-O c6 12. Bd3 Bg4 13. Rde1 Bxf3 14.
gxf3 Nd7 15. Rhg1 Nc5 16. f4 Nxd3+ 17. Qxd3 Qh4 18. Qg3 Qxg3 19. hxg3 Rae8 20.
f5 Re7 21. g4 c5 22. g5 d4 23. f6 Rd7 24. Rg3 Rfd8 25. Kd2 c4 26. Rh1 g6 27.
Rh6 d3 28. c3 Rd5 29. Rgh3 Rxe5 30. Rxh7 Re2+ 31. Kd1 1-0

[Event "Mezinarodni turnaj - CALLIDITAS OPEN"]
[Site "Plzen"]
[Date "2020.08.27"]
[Round "6.23"]
[White "Kratochvilova, Magdalena"]
[Black "Berka, Lubos"]
[Result "1-0"]
[WhiteElo "1580"]
[BlackElo "1695"]
[PlyCount "69"]
[EventDate "2020.08.23"]

1. e4 c6 2. d4 d5 3. exd5 cxd5 4. c4 Nf6 5. Nc3 Nc6 6. Bg5 Qa5 7. Nf3 e6 8. a3
Ne4 9. Bd2 Nxd2 10. Qxd2 Bd7 11. Be2 Be7 12. O-O O-O 13. b4 Qc7 14. cxd5 Nd8
15. dxe6 Bxe6 16. Rac1 Qb6 17. d5 Bf5 18. Nd4 Bg6 19. Na4 Qd6 20. Nb5 Qe5 21.
d6 Bf6 22. Nc5 Bf5 23. f4 Qb2 24. Qd1 a6 25. Na4 Bd4+ 26. Kh1 Qa2 27. Bc4 Qxg2+
28. Kxg2 Be4+ 29. Kg3 Be3 30. Rc3 axb5 31. Bxb5 Ba7 32. d7 f5 33. Rc8 Rf6 34.
h4 Be3 35. Qb3+ 1-0

[Event "Mezinarodni turnaj - CALLIDITAS OPEN"]
[Site "Plzen"]
[Date "2020.08.27"]
[Round "6.24"]
[White "Mastny, Theodor"]
[Black "Macho, Miloslav"]
[Result "0-1"]
[WhiteElo "1440"]
[BlackElo "1661"]
[PlyCount "76"]
[EventDate "2020.08.23"]

1. d4 g6 2. e4 d6 3. Nf3 Bg7 4. Bc4 Nf6 5. Nc3 O-O 6. O-O c6 7. Bf4 b5 8. Bd3
b4 9. Nb1 a5 10. a3 Na6 11. Nbd2 Bb7 12. Re1 c5 13. axb4 Nxb4 14. e5 dxe5 15.
Bxe5 Nxd3 16. cxd3 Nd7 17. Bxg7 Kxg7 18. Qe2 cxd4 19. Qxe7 Bxf3 20. Nxf3 Qxe7
21. Rxe7 Nc5 22. Nxd4 Rfd8 23. Nc6 Rd6 24. Rxa5 Rxd3 25. g3 Rxa5 26. Nxa5 Rd2
27. b4 Nd3 28. b5 Rb2 29. Rb7 Nxf2 30. b6 Nh3+ 31. Kh1 Nf2+ 32. Kg2 Ne4+ 33.
Kf3 Nc5 34. Rb8 Nd7 35. Rb7 Nxb6 36. Ke4 Na4 37. h4 Nc5+ 38. Kf3 Nxb7 0-1

[Event "Mezinarodni turnaj - CALLIDITAS OPEN"]
[Site "Plzen"]
[Date "2020.08.27"]
[Round "6.26"]
[White "Vachal, Josef"]
[Black "Nagyova, Daniela"]
[Result "1-0"]
[WhiteElo "1808"]
[BlackElo "1572"]
[PlyCount "109"]
[EventDate "2020.08.23"]

1. d4 Nf6 2. Nf3 e6 3. g3 b6 4. Bg2 Bb7 5. O-O Be7 6. c4 O-O 7. Nc3 Ne4 8. Qc2
Nxc3 9. bxc3 d5 10. cxd5 exd5 11. Ne5 Nd7 12. Nd3 Re8 13. Nf4 Nf6 14. c4 c6 15.
cxd5 Nxd5 16. Nd3 Nb4 17. Nxb4 Bxb4 18. Bb2 Rc8 19. a3 Bf8 20. Rad1 Qc7 21. e4
c5 22. d5 c4 23. Qc3 f6 24. Rc1 Qc5 25. Kh1 f5 26. f3 b5 27. Rfd1 Rc7 28. Qd2
Rd8 29. Qf4 Rf7 30. Qd2 Rc7 31. Bc3 Rf7 32. Bb4 Qc8 33. d6 Qe6 34. Bh3 g6 35.
Qg5 Re8 36. Kg1 h6 37. Qd2 Rd7 38. Re1 Qf6 39. Rcd1 a5 40. Bc5 c3 41. Qa2+ Kh7
42. exf5 Rxe1+ 43. Rxe1 Bxd6 44. fxg6+ Kg7 45. Bxd6 Rxd6 46. Qe2 Bxf3 47. Qxb5
Qd4+ 48. Kf1 Qd3+ 49. Qxd3 Rxd3 50. Bf5 Rd8 51. Re7+ Kf8 52. Rf7+ Ke8 53. Be6
c2 54. Rc7 Rd6 55. g7 1-0

[Event "Mezinarodni turnaj - CALLIDITAS OPEN"]
[Site "Plzen"]
[Date "2020.08.27"]
[Round "6.27"]
[White "Novotny, Jaromir"]
[Black "Dudova, Pavlina"]
[Result "1/2-1/2"]
[WhiteElo "1737"]
[BlackElo "1496"]
[PlyCount "59"]
[EventDate "2020.08.23"]

1. b3 e5 2. e3 d5 3. Bb2 Nc6 4. Bb5 Bd6 5. Nf3 f6 6. h3 Nge7 7. c4 dxc4 8. Bxc4
Ng6 9. O-O Bf5 10. d4 Qc8 11. Ne1 Nce7 12. Qh5 Be6 13. Nd2 O-O 14. Ne4 Qd7 15.
Nf3 exd4 16. Nfg5 fxg5 17. Nxg5 Rf6 18. Nxe6 Rxe6 19. Bxe6+ Qxe6 20. Bxd4 Qf5
21. Qe2 Qg5 22. f4 Qd5 23. Rad1 Qe6 24. Qb5 Qd5 25. Qe2 Qe6 26. Qb5 Qd5 27. Qe2
Qe4 28. Qc4+ Qd5 29. Qe2 Qe6 30. Qb5 1/2-1/2

[Event "Mezinarodni turnaj - CALLIDITAS OPEN"]
[Site "Plzen"]
[Date "2020.08.27"]
[Round "6.28"]
[White "Zach, Tomas"]
[Black "Mametev, Artem"]
[Result "1/2-1/2"]
[WhiteElo "1617"]
[BlackElo "1479"]
[PlyCount "86"]
[EventDate "2020.08.23"]

1. e4 c5 2. Nf3 e6 3. d4 cxd4 4. Nxd4 a6 5. Be2 Qc7 6. O-O Nf6 7. Bd3 d5 8. Re1
dxe4 9. Bxe4 Nxe4 10. Rxe4 Be7 11. Bf4 Qb6 12. Nb3 Nd7 13. Nc3 Nf6 14. Rc4 Nd5
15. Nxd5 exd5 16. Rc7 Bd6 17. Bxd6 Qxd6 18. Qe1+ Be6 19. Rxb7 O-O 20. Qb4 Qe5
21. Nd4 Rab8 22. Nf3 Rxb7 23. Qxb7 Qd6 24. Qb3 Rb8 25. Qc3 Rc8 26. Qd2 Qb6 27.
c3 Rb8 28. b4 Rc8 29. Nd4 Qc7 30. Rc1 Qc4 31. Nb3 h6 32. Nd4 a5 33. a3 axb4 34.
axb4 Ra8 35. h3 Ra2 36. Rc2 Rxc2 37. Qxc2 Bd7 38. Qb2 Bb5 39. Nxb5 Qxb5 40. Qd2
Kf8 41. Qe1 Qd3 42. Qa1 Qc4 43. Qb2 Ke7 1/2-1/2

[Event "Mezinarodni turnaj - CALLIDITAS OPEN"]
[Site "Plzen"]
[Date "2020.08.27"]
[Round "6.29"]
[White "Konecny, Jakub"]
[Black "Hercik, Richard"]
[Result "1-0"]
[WhiteElo "1245"]
[BlackElo "1401"]
[PlyCount "51"]
[EventDate "2020.08.23"]

1. c4 e5 2. Nc3 Bb4 3. g3 Nc6 4. e4 Bxc3 5. bxc3 Nf6 6. Bg2 O-O 7. Ne2 Ne7 8.
d4 d6 9. Ba3 b6 10. dxe5 Ne8 11. exd6 cxd6 12. e5 d5 13. cxd5 Bb7 14. O-O Nxd5
15. Bxf8 Nxc3 16. Nxc3 Bxg2 17. Qxd8 Rxd8 18. Kxg2 Kxf8 19. Rfd1 Rc8 20. Rac1
Rc5 21. f4 g6 22. Ne4 Rb5 23. Rc2 Ng7 24. Rd7 Nf5 25. Kf2 Kg7 26. e6 1-0

[Event "Mezinarodni turnaj - CALLIDITAS OPEN"]
[Site "Plzen"]
[Date "2020.08.27"]
[Round "6.30"]
[White "Roubal, Frantisek"]
[Black "Kotesovec, Jaroslav"]
[Result "0-1"]
[WhiteElo "1208"]
[BlackElo "1585"]
[PlyCount "44"]
[EventDate "2020.08.23"]

1. d4 d5 2. Bf4 e6 3. c3 Bd6 4. Bxd6 Qxd6 5. Nf3 Nf6 6. Nbd2 O-O 7. e3 Nbd7 8.
Bd3 h6 9. O-O e5 10. e4 Re8 11. Re1 b6 12. dxe5 Nxe5 13. Nxe5 Rxe5 14. Qc2 Bb7
15. Nf3 dxe4 16. Nxe5 Qxe5 17. Be2 Rd8 18. Rad1 Re8 19. Bf3 Qf4 20. Be2 e3 21.
Rf1 Ng4 22. g3 exf2+ 0-1

[Event "Mezinarodni turnaj - CALLIDITAS OPEN"]
[Site "Plzen"]
[Date "2020.08.27"]
[Round "6.32"]
[White "Roubal, Matyas"]
[Black "Fakan, Petr"]
[Result "1-0"]
[WhiteElo "1471"]
[BlackElo "1360"]
[PlyCount "35"]
[EventDate "2020.08.23"]

1. e4 b6 2. d4 e6 3. Nc3 Bb4 4. Bd2 Bxc3 5. Bxc3 Bb7 6. Bd3 Nf6 7. f3 d5 8. e5
Nh5 9. Ne2 c5 10. Bb5+ Nd7 11. g4 Qh4+ 12. Kf1 Qh3+ 13. Kf2 cxd4 14. Qxd4 a6
15. Bxd7+ Kxd7 16. gxh5 Rac8 17. Qxb6 d4 18. Qxb7+ 1-0

[Event "Mezinarodni turnaj - CALLIDITAS OPEN"]
[Site "Plzen"]
[Date "2020.08.28"]
[Round "7.1"]
[White "Eret, Matous"]
[Black "Bullen, Alex"]
[Result "1-0"]
[WhiteElo "2195"]
[BlackElo "2116"]
[PlyCount "57"]
[EventDate "2020.08.23"]

1. f4 g6 2. Nf3 d5 3. e3 Bg7 4. c4 c6 5. d4 Nf6 6. Nc3 O-O 7. Bd3 Bf5 8. Bxf5
gxf5 9. h3 e6 10. g4 Ne4 11. gxf5 Ng3 12. Rg1 Nxf5 13. cxd5 cxd5 14. Bd2 Nc6
15. Qe2 Rc8 16. O-O-O Na5 17. Kb1 Nc4 18. Bc1 Qb6 19. Ka1 Na3 20. Qd3 Nc4 21.
Nxd5 Qb5 22. Nc3 Qb4 23. e4 Nfd6 24. Rg2 Kh8 25. Rdg1 Bh6 26. d5 exd5 27. Qd4+
f6 28. f5 Bxc1 29. Rg8+ 1-0

[Event "Mezinarodni turnaj - CALLIDITAS OPEN"]
[Site "Plzen"]
[Date "2020.08.28"]
[Round "7.2"]
[White "Kozak, Milos"]
[Black "Palek, Miroslav"]
[Result "1/2-1/2"]
[WhiteElo "2135"]
[BlackElo "2158"]
[PlyCount "54"]
[EventDate "2020.08.23"]

1. d4 Nf6 2. c4 c5 3. d5 e5 4. Nc3 d6 5. e4 Be7 6. g3 Na6 7. Bg2 Nc7 8. Nge2 h5
9. h4 Bd7 10. a4 Rb8 11. Ng1 a6 12. a5 b5 13. axb6 Rxb6 14. Bh3 O-O 15. b3 Ng4
16. f3 Nf6 17. Ra3 Nfe8 18. Kf1 Qc8 19. Kg2 g6 20. Bxd7 Qxd7 21. Nh3 Ng7 22.
Bh6 Rfb8 23. Qc2 Kh7 24. Bd2 Kg8 25. Bh6 Kh7 26. Bd2 Kg8 27. Bh6 Kh7 1/2-1/2

[Event "Mezinarodni turnaj - CALLIDITAS OPEN"]
[Site "Plzen"]
[Date "2020.08.28"]
[Round "7.3"]
[White "Novacek, Karel"]
[Black "Vilimek, Vit"]
[Result "1/2-1/2"]
[WhiteElo "2030"]
[BlackElo "1761"]
[PlyCount "115"]
[EventDate "2020.08.23"]

1. e4 c5 2. Nf3 a6 3. c3 Nf6 4. e5 Nd5 5. d4 cxd4 6. Qb3 e6 7. cxd4 Nc6 8. Nc3
Nxc3 9. bxc3 d6 10. Ba3 Be7 11. exd6 Bxd6 12. Bxd6 Qxd6 13. Bd3 O-O 14. O-O Bd7
15. Ng5 h6 16. Ne4 Qc7 17. Rab1 b5 18. a3 Rfc8 19. Rfd1 Na5 20. Qb4 Bc6 21. Nc5
Nb7 22. Nxb7 Qxb7 23. f3 Bd5 24. a4 Qc6 25. axb5 axb5 26. Rdc1 Bc4 27. Be4 Bd5
28. Bxd5 Qxd5 29. Qxb5 Qxb5 30. Rxb5 Ra4 31. d5 exd5 32. Rxd5 Rac4 33. Rd3 Ra4
34. Rc2 h5 35. Kf2 g6 36. Ke3 Re8+ 37. Kd2 Rc8 38. Rd4 Ra5 39. Kd3 Rcc5 40. Re2
Kg7 41. Rd6 Ra4 42. g3 Ra3 43. Rc2 Kf8 44. Kd4 Rc7 45. f4 Ke7 46. Rd5 Ra4+ 47.
c4 Ke6 48. Re2+ Kf6 49. Rc2 Ke6 50. Rc3 Ra2 51. h3 Rd2+ 52. Rd3 Rc2 53. Re3+
Kf6 54. Rc3 Rd2+ 55. Rd3 Rh2 56. g4 hxg4 57. hxg4 Rf2 58. Ke3 1/2-1/2